Statistics for Ligue 1 2015-2016 Coaches

Click here to take the quiz!

General Stats

  • This quiz has been taken 48 times
    (35 since last reset)
  • The average score is 19 of 34

Answer Stats

Club Coach % Correct
ParisLaurent Blanc
100%
LyonBruno Génésio
93%
MonacoLeonardo Jardim
89%
NiceClaude Puel
89%
MarseilleMarcelo Bielsa
85%
Saint-EtienneChristophe Galtier
85%
LyonHubert Fournier
81%
LilleFrédéric Antonetti
78%
BordeauxWilly Sagnol
78%
NantesMichel Der Zakarian
74%
GuingampJocelyn Gourvennec
74%
MarseilleMichel
70%
BordeauxUlrich Ramé
70%
ToulousePascal Dupraz
70%
AngersStéphane Moulin
67%
LilleHervé Renard
67%
MontpellierRolland Courbis
67%
MontpellierFrédéric Hantz
59%
ToulouseDominique Arribagé
59%
RennesPhilippe Montanier
56%
CaenPatrice Garande
52%
LorientSylvain Ripoll
52%
TroyesJean-Marc Furlan
48%
BastiaFrançois Ciccolini
44%
BastiaGhislain Printant
33%
GazelecThierry Laurey
30%
ReimsOlivier Guégan
19%
MontpellierPascal Baills
19%
MontpellierBruno Martini
11%
TroyesClaude Robin
4%
TroyesMohamed Bradja
4%
TroyesMichel Padovani
0%
TroyesOliver Tingry
0%

Score Distribution

Percentile by Number Answered

Percent of People with Each Score

Your Score History

You have not taken this quiz since the last reset